Elaboración de descripciones y perfiles de puestos para la Asociación Mexicana de Diabetes A.C. en Guadalajara, Jalisco /

Gorde:
Xehetasun bibliografikoak
Egile nagusia: Núñez Ojeda, Nathdya Mary Karmen (autor)
Formatua: Tesis Liburua
Hizkuntza:gaztelania
Gaiak:
Etiketak: Etiketa erantsi
Etiketarik gabe, Izan zaitez lehena erregistro honi etiketa jartzen!

MARC

LEADER 00000nam^a2200000^a^4500
001 000187031
005 20250521000000.0
009 20260310102247.486
037 |a Acervo ITESO - Biblioteca 
041 |a ESP 
090 |a RID. 244 
100 |a Núñez Ojeda, Nathdya Mary Karmen  |e (autor) 
245 1 0 |a Elaboración de descripciones y perfiles de puestos para la Asociación Mexicana de Diabetes A.C. en Guadalajara, Jalisco /  |c N.M.K. Núñez Ojeda. 
264 |a Guadalajara, México :  |b edición de autor,  |c 2006 
300 |a 1 disco compacto de computadora 
336 |a datos para computadora  |b cod  |2 rdacontenido 
337 |a computadora  |b c  |2 rdamedio 
338 |a disco de computadora  |b cd  |2 rdasoporte 
502 |a ITESO Reporte de Servicio Social de Licenciatura en Relaciones Industriales 
649 |a XX 
650 |a Descripción y Valuación de Puestos 
650 |a Comportamiento Organizacional 
650 |a Evaluación del Desempeño 
650 |a Recursos Humanos 
650 |a Ciencias Administrativas 
910 |a Fondo General 
920 |a Electrónicos - Tesis del ITESO en Disco 
905 |a 202 
901 |a 0500129268  |b IT2  |c STS  |u 20250521 
902 |a https://opac.biblio.iteso.mx/vufind/Record/000187031